000 00454nam a2200169 i 4500
001 2-00278646
003 PPAK
005 20180728113128.0
008 070402s wau |||| ||||| | eng d
040 _aPPAK
_beng
_cPPAK
_erda
245 0 0 _aNational Geographic (Jan-June 1996)
264 1 _aWashington:
_bNational Geographic Society,
336 _2rdacontent
_atext
337 _2rdamedia
_aunmediated
338 _2rdacarrier
_avolume
942 _ddc
_cSR
999 _c168535
_d168535